书目信息 |
| 题名: |
中国劳动密集型产业发展战略研究
|
|
| 作者: | 张耀辉 著 | |
| 分册: | ||
| 出版信息: | 北京 经济科学出版社 2006 |
|
| 页数: | 344 | |
| 开本: | 18cm | |
| 丛书名: | 产业经济学研究文库 | |
| 单 册: | ||
| 中图分类: | F420 | |
| 科图分类: | ||
| 主题词: | 工业经济--中国 | |
| 电子资源: | ||
| ISBN: | 7-5058-5484-4 | |
| 000 | 00652nam0 2200205 450 | |
| 001 | 0753815641 | |
| 005 | 20070930145655.64 | |
| 010 | @a7-5058-5484-4@d¥23.50 | |
| 100 | @a20070930d km y0chiy0120 ea | |
| 101 | 0 | @achi |
| 200 | 1 | @a中国劳动密集型产业发展战略研究@Azhong guo lao dong mi ji xing chan ye fa zhan zhan lue yan jiu@f张耀辉等著@Fzhang yao hui deng zhu |
| 210 | @a北京@c经济科学出版社@d2006 | |
| 215 | @a344@d18cm | |
| 225 | 2 | @a产业经济学研究文库 |
| 410 | 0 | @12001 @a产业经济学研究文库 |
| 606 | 0 | @a工业经济@x中国 |
| 690 | @aF420@v3 | |
| 701 | 0 | @a张耀辉@Azhang yao hui@4著 |
| 801 | 0 | @aCN@bPFT@c20070930 |
| 905 | @a213230@dF420@eg20@f1 | |
| 中国劳动密集型产业发展战略研究/张耀辉等著.-北京:经济科学出版社,2006 |
| 344;18cm.-(产业经济学研究文库) |
| ISBN 7-5058-5484-4:¥23.50 |
| ● |
| 相关链接 |
|
|
|
|
正题名:中国劳动密集型产业发展战略研究
索取号:F420/g20
 
预约/预借
| 序号 | 登录号 | 条形码 | 馆藏地/架位号 | 状态 | 备注 |
| 1 | 6504438 | 265044383 | 密集书库-海洋学院/ [索取号:F420/g20] | 在馆 |